000 00561nam a2200121Ia 4500
008 220620s9999||||xx |||||||||||||| ||und||
100 _aGani, Miriam||Mathew, Penelope
245 0 _aFresh Perspectives on the 'War on Terror'
546 _aEnglish[eng]
650 _aislam||national security||world politics||terrorism||law and legislation||Counter-terrorism||European Union||Human rights||Torture
856 _uhttps://library.oapen.org/bitstream/20.500.12657/33745/1/459241.pdf||https://library.oapen.org/bitstream/20.500.12657/33745/1/459241.pdf
942 _cEB
999 _c34863
_d34863